00463nam a2200145Ia 4500008004100000020001800041082001400059100002700073245002300100260001800123500001400141942000700155952014000162999001500302260604s9999 xx 000 0 und d a9780702310164 a808.3 DON aJulia Donaldson935309 0aThe Christmas Pine bScholastic UK aChristmas cBK 00104070aIIMVbIIMVcChildren collectiond2026-06-04g695.00l0o808.3 DONp003702r2026-06-04 10:18:53v695.00w2026-06-04yBKBDON c8084d8084